| 000 | 01405nam1a22002651i 4500 | ||
|---|---|---|---|
| 001 | rc\372184 | ||
| 005 | 20240723221219.0 | ||
| 035 | _a(NLR Aleph) 005635004 | ||
| 090 |
_a6609109 _c6609109 |
||
| 100 | _a20030307d1989 u |0rusy50 ca | ||
| 101 | 0 | _arus | |
| 102 | _aRU | ||
| 105 | _ay ||||||||| | ||
| 200 | 1 |
_aМашины электрические мощностью до 0,6 кВт общего применения _eНК 01.8.01-87. В части подразделов 01.81 Машины асинхронные, 01.85 Машины универсальные, 01.87 Двигатели для бытовых машин и приборов _eНоменклатур. каталог] _eИзм. и доп... _fМ-во электротехн. пром-сти СССР, ВНИИ информ. и техн.-экон. исслед. в электротехнике (Информэлектро) |
|
| 210 |
_aМ. _cИнформэлектро _d1989 |
||
| 215 | _d22 | ||
| 225 | 1 | _aСерия 01 "Электрические машины" | |
| 225 | 1 | _aЭлектротехника СССР | |
| 300 | _aНа тит. л. загл.: Изменения... к Номенклатурному каталогу... | ||
| 300 | _aНа обл. только загл. сер. | ||
| 333 | _aДСП. Экз. № 000008 | ||
| 801 | 0 |
_aRU _bNLR _gpsbo |
|
| 801 | 1 |
_aRU _bELAR _2rusmarc |
|
| 852 |
_aNLR _j90-50К/1027 |
||
| 942 | _cBOOK | ||